000 03408nam a2200565Ia 4500
001 152
008 241029s9999 xx 000 0 und d
010 _a132
041 _aEspañol
082 _aISFODOSU TMGC 12-0021 BFEM EJ.1
245 0 _aImpacto generativo con la creación del Centro Modelo Inicial Belice en relación a la innovación y calidad. Incidencia en otros de inicial del Distrito 10-06
260 _aSanto Domingo
300 _a98
520 _a9
630 _aCentros Educativos
630 _aInnovaciones Educativas
630 _aRecursos Audiovisuales
630 _aRecursos Didácticos
650 _aGestión Educativa
690 _aCopiado sin cambios
700 _easesor
_aPaulino, Laura
700 _eautor
_aAlcina , Miguelina E.
700 _eautor
_aGómez, Luz del Alba
901 _a{"1":"Alcina ","2":"Gómez"}
_b{"1":"Miguelina E.","2":"Luz del Alba "}
902 _a1
903 _a{"1":"Paulino"}
_b{"1":"Laura"}
904 _aMagíster en
905 _aGestión de Centros Educativos
906 _a2
907 _aNO APLICA
908 _aNO APLICA
909 _aISFODOSU, Recinto Félix Evaristo Mejía
910 _aNULL
_bNULL
911 _a["1"]
912 _aNO APLICA
913 _aNULL
914 _a01 de Noviembre de 2012
915 _a20/07/15 08:07
916 _aNULL
917 _aNULL
918 _aNO APLICA
919 _a["33","118","174","175"]
520 _aLa investigación realizada sobre el impacto generado con la creación del Centro Modelo de Inicial Belice en cuanto a la innovación en los centros educativos de inicial del Distrito 10-06 de Mendoza.  Con el propósito de determinar cómo ha iniciado el Centro Modelo de Inicial Belice (CMEI) en la práctica pedagógica e innovaciones presentadas en las aulas del nivel de los centros educativos de la jurisdicción.  La metodología utilizada correspondió con un estudio de carácter exploratorio  convirtiéndose en una investigación de carácter descriptiva, comparativa y contratación de las variables, resaltando en cada centro de educación inicial, elementos importantes que destacan el impacto generado a: innovaciones prácticas y contextos relacionados con el nivel inicial.  Las tácticas empleadas para recogida de las informaciones se hicieron por medio de cuestionarios y observaciones dirigidas y fuentes de informaciones primarias y secundarias. El Distrito Educativo 10-06, cuenta con 26 centros educativos de inicial que representan el universo de la población, de los cuales se precedió a escoger 13 centros, lo que equivale a un 50%.  La población, objeto de estudio está compuesta por 13 directores, 51 docentes y 2 coordinadoras del Centro Modelo de Inicial Belice, seleccionados a través del maestreo no probabilístico escogido aleatoriamente. Las principales conclusiones arrojaron que los centros de inicial del Distrito 10-06, reciben orientaciones desde el centro modelo de inicial y que este ha impactado favorablemente en la práctica pedagógica de los docentes del nivel.  En cuanto a la situación de infraestructura y recursos tecnológicos de los centros, el estudio arrojó, que las condiciones del CMEL  son excelentes, sin embargo, los otros centros presentan precariedad.
921 _a16
922 _a16
923 _a0
924 _aNO APLICA
942 _cTesis
999 _c132
_d132